000 01385nam a2200325 a 4500
001 ebr10038571
003 CaPaEBR
006 m u
007 cr cn|||||||||
008 020801s2002 dcuab sb 100 0 eng d
010 _z 2002510513
020 _z0309084156
040 _aCaPaEBR
_cCaPaEBR
035 _a(OCoLC)70732798
050 1 4 _aGE5
_b.E54 2002eb
082 0 4 _a628
_221
245 0 0 _aEngineering and environmental challenges
_h[electronic resource] :
_btechnical symposium on earth systems engineering /
_cNational Academy of Engineering Annual Meeting, October 24, 2000.
260 _aWashington, D.C. :
_bNational Academy Press,
_cc2002.
300 _axii, 117 p. :
_bill., maps.
490 1 _aCompass series
504 _aIncludes bibliographical references.
533 _aElectronic reproduction.
_bPalo Alto, Calif. :
_cebrary,
_d2013.
_nAvailable via World Wide Web.
_nAccess may be limited to ebrary affiliated libraries.
650 0 _aEnvironmental sciences
_xForecasting
_vCongresses.
650 0 _aBiotechnology
_vCongresses.
650 0 _aClimatic changes
_xEnvironmental aspects
_vCongresses.
655 7 _aElectronic books.
_2local
710 2 _aebrary, Inc.
830 0 _aCompass series (Washington, D.C.)
856 4 0 _uhttp://site.ebrary.com/lib/rucke/Doc?id=10038571
_zAn electronic book accessible through the World Wide Web; click to view
999 _c164331
_d164331